书目信息 |
| 题名: |
中文版Rhino 5.0完全自学教程
|
|
| 作者: | 徐平 , 章勇 , 苏浪 编著 | |
| 分册: | ||
| 出版信息: | 北京 人民邮电出版社 2014 |
|
| 页数: | 496页 | |
| 开本: | 26cm | |
| 丛书名: | ||
| 单 册: | ||
| 中图分类: | TB472-39 | |
| 科图分类: | ||
| 主题词: | 工业产品--教材--应用软件--计算机辅助设计 | |
| 电子资源: | ||
| ISBN: | 978-7-115-35415-0 | |
| 000 | 01072nam0 2200265 450 | |
| 001 | 296 | |
| 005 | 20160905101532.21 | |
| 010 | @a978-7-115-35415-0@dCNY108.00 | |
| 100 | @a20140813d2014 em y0chiy50 ea | |
| 101 | 0 | @achi |
| 102 | @aCN@b110000 | |
| 105 | @aa z 001yy | |
| 200 | 1 | @a中文版Rhino 5.0完全自学教程@9zhong wen ban Rhino 5.0 wan quan zi xue jiao cheng@f徐平,章勇,苏浪编著 |
| 205 | @a2版 | |
| 210 | @a北京@c人民邮电出版社@d2014 | |
| 215 | @a496页@d26cm@e1光盘 | |
| 307 | @a附光盘:ISBN 978-7-89413-424-0 | |
| 330 | @a本书从Rhino 5.0基本操作入手,结合大量的可操作性实例(66个实例),阐述了Rhino的曲线运用、曲面建模、实体建模和网格建模技术。全书共13章,前6章分别介绍一个技术板块的内容;第7章介绍了KeyShot渲染软件的使用方法;最后6章安排了6个工业产品综合实例。 | |
| 606 | 0 | @a工业产品@j教材@x应用软件@x计算机辅助设计 |
| 690 | @aTB472-39@v5 | |
| 701 | 0 | @a徐平@9xu ping@c(女,@f1978~)@4编著 |
| 701 | 0 | @a章勇@9zhang yong@f(1978~)@4编著 |
| 701 | 0 | @a苏浪@9su lang@4编著 |
| 801 | 0 | @aCN@b唐山师范学院图书馆@c20160721 |
| 905 | @aZUCC@dTB472-39@e260=2 | |
| 中文版Rhino 5.0完全自学教程/徐平,章勇,苏浪编著.-2版.-北京:人民邮电出版社,2014 |
| 496页;26cm+1光盘 |
| ISBN 978-7-115-35415-0:CNY108.00 |
| 本书从Rhino 5.0基本操作入手,结合大量的可操作性实例(66个实例),阐述了Rhino的曲线运用、曲面建模、实体建模和网格建模技术。全书共13章,前6章分别介绍一个技术板块的内容;第7章介绍了KeyShot渲染软件的使用方法;最后6章安排了6个工业产品综合实例。 |
| ● |
| 相关链接 |
|
|
|
|
正题名:中文版Rhino 5.0完全自学教程
索取号:TB472-39/260=2
 
预约/预借
| 序号 | 登录号 | 条形码 | 馆藏地/架位号 | 状态 | 备注 |
| 1 | 901247 | 209012478 | 第二样本阅览室/ [索取号:TB472-39/260=2] | 在馆 | |
| 2 | 901248 | 209012487 | 第三借阅区/ [索取号:TB472-39/260=2] | 在馆 | |
| 3 | 901249 | 209012496 | 第三借阅区/ [索取号:TB472-39/260=2] | 在馆 | |
| 4 | 901250 | 209012502 | 第三借阅区/ [索取号:TB472-39/260=2] | 在馆 | |
| 5 | 901251 | 209012511 | 密集书库—计算机科学学院/ [索取号:TB472-39/260=2] | 在馆 |